Places identity, image and reputation

Enregistré dans:
Détails bibliographiques
Auteur principal: Anholt, Simon
Format: Livre
Langue:anglais
Publié: Houndmills Palgrave Macmillan 2010
Sujets:
Tags: Ajouter un tag
Pas de tags, Soyez le premier à ajouter un tag!

MARC

LEADER 00000nam a2200000 4500
001 0170028
005 20240312115919.4
020 |a 978-0-230-23977-7 
041 0 |a eng 
044 |a GB 
245 1 0 |a Places  |b identity, image and reputation  |c Simon Anholt 
264 1 |a Houndmills  |b Palgrave Macmillan  |c 2010 
300 |a 168 s. 
610 2 0 |a národ 
610 2 0 |a identita 
610 2 0 |a imidž 
610 2 0 |a marketing 
610 2 0 |a kultúra 
610 2 0 |a úroveň životná 
610 2 0 |a kvalita života 
610 2 0 |a sektor verejný 
610 2 0 |a sektor súkromný 
610 2 0 |a médiá 
610 2 0 |a diplomacia 
610 2 0 |a porovnanie medzinárodné 
610 2 0 |a turistika 
610 2 0 |a svet 
610 2 0 |a Európa 
100 1 |a Anholt, Simon